[Event "CZE-chT2F 1617"]
[Site "Czech Republic"]
[Date "2016.12.11"]
[Round "5.5"]
[White "Pan, Vladimir"]
[Black "Gemsa, Pavel"]
[Result "1/2-1/2"]
[WhiteElo "2031"]
[BlackElo "1993"]
[PlyCount "116"]
[EventDate "2016.10.09"]
[EventType "team-tourn"]
[EventRounds "11"]
[EventCountry "CZE"]
[SourceTitle "EXT 2022"]
[Source "ChessBase"]
[SourceDate "2021.10.06"]
[SourceVersion "1"]
[SourceVersionDate "2021.10.06"]
[SourceQuality "1"]
[WhiteTeam "Vrbno pod Pradedem"]
[BlackTeam "Benesov Dolni"]
[WhiteTeamCountry "CZE"]
[BlackTeamCountry "CZE"]

1. e4 c5 2. Nf3 g6 3. d4 cxd4 4. Nxd4 Nf6 5. Nc3 Nc6 6. Be3 Bg7 7. Be2 0-0 8. 0-0 d5 9. exd5 Nxd5 10. Nxd5 Qxd5 11. Bf3 Qd7 12. Nxc6 bxc6 13. Qxd7 Bxd7 14. Rad1 Bf5 15. b3 a5 16. c4 Ra6 17. Bc5 Bf6 18. Rfe1 Be6 19. h3 Rb8 20. Bg4 Bxg4 21. hxg4 e6 22. Rd2 a4 23. b4 Bc3 24. Rdd1 Raa8 25. a3 Bb2 26. Rd3 e5 27. Be7 e4 28. Rh3 Bc1 29. Rd1 Bb2 30. Rd2 Be5 31. Kf1 Re8 32. Rd7 Bb2 33. Ke2 e3 34. Rxe3 Bc1 35. Kd3 Bxe3 36. Kxe3 f5 37. gxf5 gxf5 38. Kf4 Kf7 39. Bc5+ Kf6 40. Bd4+ Kg6 41. Rd6+ Kf7 42. Kxf5 Rad8 43. Rf6+ Kg8 44. Bc5 Rd3 45. Rxc6 Rxa3 46. Ra6 Rc3 47. Rxa4 Rxc4 48. Ra7 Rc8 49. Bd6 Rc2 50. Bc5 Re8 51. g4 Rc4 52. f4 Rd8 53. Ke5 Re8+ 54. Kf5 Rb8 55. Rd7 Re8 56. Ra7 Rd8 57. Ke5 Re8+ 58. Kf5 Rd8 1/2-1/2

[Event "Liptovsky Mikulas CupT U20"]
[Site "Liptovsky Mikulas"]
[Date "2016.06.26"]
[Round "8.2"]
[White "Poliakova, Emma"]
[Black "Gemsa, Pavel"]
[Result "1/2-1/2"]
[WhiteElo "1826"]
[BlackElo "1973"]
[PlyCount "60"]
[EventDate "2016.06.21"]
[EventType "team-swiss"]
[EventRounds "8"]
[EventCountry "SVK"]
[SourceTitle "CBM 173 Extra"]
[Source "ChessBase"]
[SourceDate "2016.08.29"]
[SourceVersion "1"]
[SourceVersionDate "2016.08.29"]
[SourceQuality "1"]
[WhiteTeam "Povazie RSA (U20)"]
[BlackTeam "Opavsko (U20)"]
[WhiteTeamCountry "SVK"]
[BlackTeamCountry "CZE"]

1. e4 c5 2. Nf3 Nc6 3. d4 cxd4 4. Nxd4 Nf6 5. Nc3 g6 6. Nxc6 bxc6 7. e5 Ng8 8. Bc4 Bg7 9. Qf3 f5 10. Bf4 Qa5 11. 0-0 Bxe5 12. Rfe1 Bxf4 13. Qxf4 Nf6 14. Re5 Qd8 15. Rae1 e6 16. R5e3 d5 17. Rd1 Ng4 18. Ree1 Kf7 19. h3 Nf6 20. Bf1 h6 21. Qe5 g5 22. Na4 Qa5 23. Nc3 Bd7 24. b3 Rhg8 25. a4 h5 26. Ne2 Ne4 27. Ng3 Nxg3 28. Qxg3 Qc5 29. c4 Rae8 30. Qc7 Re7 1/2-1/2

[Event "Liptovsky Mikulas CupT U20"]
[Site "Liptovsky Mikulas"]
[Date "2016.06.23"]
[Round "5.2"]
[White "Palyza, Lukas"]
[Black "Gemsa, Pavel"]
[Result "0-1"]
[WhiteElo "1348"]
[BlackElo "1973"]
[PlyCount "80"]
[EventDate "2016.06.21"]
[EventType "team-swiss"]
[EventRounds "8"]
[EventCountry "SVK"]
[SourceTitle "CBM 173 Extra"]
[Source "ChessBase"]
[SourceDate "2016.08.29"]
[SourceVersion "1"]
[SourceVersionDate "2016.08.29"]
[SourceQuality "1"]
[WhiteTeam "Opavsko (U20) II"]
[BlackTeam "Opavsko (U20)"]
[WhiteTeamCountry "CZE"]
[BlackTeamCountry "CZE"]

1. e4 c5 2. Nf3 g6 3. Nc3 Bg7 4. d4 cxd4 5. Nxd4 Nc6 6. Be3 Nf6 7. Bc4 0-0 8. 0-0 Nxe4 9. Nxe4 d5 10. Bxd5 Qxd5 11. Qf3 Rd8 12. c3 Ne5 13. Qf4 Ng4 14. f3 Be5 15. Qg5 f6 16. Qh4 Nxe3 17. Rfe1 Bxd4 18. cxd4 Nc2 19. Red1 Nxa1 20. Rxa1 Qxd4+ 21. Kh1 Qd1+ 22. Qe1 Qxe1+ 23. Rxe1 Bf5 24. b3 Bxe4 25. fxe4 Rd2 26. a4 Rb2 27. h3 Rxb3 28. Kh2 Ra3 29. e5 Rxa4 30. exf6 exf6 31. Re7 b5 32. Rb7 b4 33. Rb5 a5 34. Rb6 Ra3 35. Rxf6 b3 36. Rb6 a4 37. Rb4 Ra2 38. Rb5 b2 39. Rb3 a3 40. Rxa3 R8xa3 0-1

[Event "CZE-chT2F 1516"]
[Site "Czech Republic"]
[Date "2016.03.13"]
[Round "9.54"]
[White "Gemsa, Pavel"]
[Black "Krajina, Ales"]
[Result "0-1"]
[WhiteElo "1915"]
[BlackElo "2176"]
[PlyCount "48"]
[EventDate "2015.10.18"]
[EventType "team-tourn"]
[EventRounds "11"]
[EventCountry "CZE"]
[SourceTitle "EXT 2022"]
[Source "ChessBase"]
[SourceDate "2021.10.06"]
[SourceVersion "1"]
[SourceVersionDate "2021.10.06"]
[SourceQuality "1"]
[WhiteTeam "Benesov Dolni"]
[BlackTeam "Ostrava Labortech II"]
[WhiteTeamCountry "CZE"]
[BlackTeamCountry "CZE"]

1. e4 Nf6 2. e5 Ng8 3. d4 d5 4. f4 Bf5 5. Bd3 Nh6 6. Bxf5 Nxf5 7. e6 fxe6 8. Nf3 c5 9. c3 cxd4 10. cxd4 Nc6 11. g4 Nd6 12. Nc3 g6 13. h4 Bg7 14. h5 Qb6 15. hxg6 hxg6 16. Rxh8+ Bxh8 17. Qd3 Bxd4 18. Qxg6+ Kd7 19. f5 exf5 20. gxf5 Bf6 21. Bd2 Qxb2 22. Rb1 Qc2 23. Rc1 Qd3 24. Ng5 Nc4 0-1

[Event "CZE-chT2F 1516"]
[Site "Czech Republic"]
[Date "2016.01.10"]
[Round "5.4"]
[White "Gemsa, Pavel"]
[Black "Malcanek, Jan"]
[Result "0-1"]
[WhiteElo "1915"]
[BlackElo "2076"]
[PlyCount "88"]
[EventDate "2015.10.18"]
[EventType "team-tourn"]
[EventRounds "11"]
[EventCountry "CZE"]
[SourceTitle "EXT 2022"]
[Source "ChessBase"]
[SourceDate "2021.10.06"]
[SourceVersion "1"]
[SourceVersionDate "2021.10.06"]
[SourceQuality "1"]
[WhiteTeam "Benesov Dolni"]
[BlackTeam "Hostalkova"]
[WhiteTeamCountry "CZE"]
[BlackTeamCountry "CZE"]

1. e4 c5 2. Nc3 Nc6 3. f4 e6 4. Nf3 a6 5. a4 g6 6. Bc4 Bg7 7. f5 Nge7 8. fxe6 fxe6 9. 0-0 0-0 10. d3 d5 11. Bb3 Qd6 12. Ne2 Bd7 13. Qe1 c4 14. exd5 cxb3 15. dxc6 Bxc6 16. c3 Bxf3 17. Rxf3 Rxf3 18. gxf3 Rf8 19. d4 Rxf3 20. Bf4 Qd5 21. Bg3 g5 22. c4 Qxc4 23. Qd2 Nc6 24. Be5 Nxe5 25. dxe5 Qc5+ 26. Kh1 Qd5 27. Qxd5 exd5 28. Nd4 Rd3 29. Ne6 Bxe5 30. Rf1 Bf4 31. Rf2 Rd2 32. Rxd2 Bxd2 33. Nc5 Be3 34. Nxb3 Kf7 35. Kg2 h5 36. Kf3 Bb6 37. Nc1 Kf6 38. Nd3 g4+ 39. Kg3 Bc7+ 40. Kg2 Bd6 41. b4 Kf5 42. b5 axb5 43. axb5 Ke4 44. Nf2+ Ke3 0-1

[Event "Liptovsky Mikulas CupT U20"]
[Site "Liptovsky Mikulas"]
[Date "2015.06.28"]
[Round "7.1"]
[White "Czerw, Dawid"]
[Black "Gemsa, Pavel"]
[Result "1-0"]
[WhiteElo "2116"]
[BlackElo "1862"]
[PlyCount "109"]
[EventDate "2015.06.25"]
[EventType "team-swiss"]
[EventRounds "7"]
[EventCountry "SVK"]
[SourceTitle "CBM 167 Extra"]
[Source "ChessBase"]
[SourceDate "2015.09.14"]
[SourceVersion "1"]
[SourceVersionDate "2015.09.14"]
[SourceQuality "1"]
[WhiteTeam "Jastrzebie Zdroj (U18)"]
[BlackTeam "Opavsko (U18)"]
[WhiteTeamCountry "POL"]
[BlackTeamCountry "CZE"]

1. d4 Nf6 2. c4 e6 3. g3 d5 4. Nf3 c6 5. Qc2 b6 6. Bg2 Bb7 7. 0-0 Be7 8. Nbd2 0-0 9. b3 Nbd7 10. Bb2 Rc8 11. e4 dxe4 12. Nxe4 Nxe4 13. Qxe4 Nf6 14. Qe2 Qc7 15. Rfe1 Rfd8 16. a3 Bf8 17. b4 a5 18. Bc3 Ba6 19. Qa2 Ra8 20. Qb3 Ne8 21. Ne5 Bb7 22. bxa5 bxa5 23. c5 Nf6 24. Rab1 Rdb8 25. Qa4 Nd5 26. Bd2 Be7 27. Nc4 Ba6 28. Rxb8+ Qxb8 29. Ne5 Qb2 30. Qd1 Bb5 31. a4 Bxa4 32. Qxa4 Qxd2 33. Rd1 Qe2 34. Bf1 Nc3 35. Qxc6 Qe4 36. Qxe4 Nxe4 37. Ra1 Nd2 38. Nc6 Bf6 39. Bg2 Ra6 40. Nb8 Ra7 41. c6 Bxd4 42. Rd1 Nb3 43. Na6 a4 44. c7 Rxc7 45. Nxc7 a3 46. Nb5 a2 47. Nxd4 a1Q 48. Rxa1 Nxa1 49. f4 Kf8 50. Bf3 Ke7 51. Bd1 f6 52. Kf2 g5 53. fxg5 fxg5 54. Kf3 Kd6 55. Ke4 1-0

[Event "Liptovsky Mikulas CupT U20"]
[Site "Liptovsky Mikulas"]
[Date "2015.06.27"]
[Round "4.1"]
[White "Medve, Mark"]
[Black "Gemsa, Pavel"]
[Result "1-0"]
[WhiteElo "2128"]
[BlackElo "1862"]
[PlyCount "43"]
[EventDate "2015.06.25"]
[EventType "team-swiss"]
[EventRounds "7"]
[EventCountry "SVK"]
[SourceTitle "CBM 167 Extra"]
[Source "ChessBase"]
[SourceDate "2015.09.14"]
[SourceVersion "1"]
[SourceVersionDate "2015.09.14"]
[SourceQuality "1"]
[WhiteTeam "Budapest EAC (U18)"]
[BlackTeam "Opavsko (U18)"]
[WhiteTeamCountry "HUN"]
[BlackTeamCountry "CZE"]

1. d4 Nf6 2. c4 e6 3. Nf3 b6 4. g3 Bb7 5. Bg2 Be7 6. Nc3 0-0 7. 0-0 c5 8. d5 exd5 9. cxd5 d6 10. a4 Nfd7 11. Nd2 Ne5 12. f4 Ng4 13. Nc4 Re8 14. h3 Nh6 15. e4 Bf6 16. Nb5 Be7 17. e5 dxe5 18. fxe5 a6 19. Nbd6 Bxd6 20. Nxd6 Rxe5 21. Nxb7 Qd7 22. Bf4 1-0

[Event "Liptovsky Mikulas CupT U20"]
[Site "Liptovsky Mikulas"]
[Date "2014.06.20"]
[Round "2.2"]
[White "Gaudyn, Renata"]
[Black "Gemsa, Pavel"]
[Result "0-1"]
[WhiteElo "1572"]
[BlackElo "1644"]
[PlyCount "58"]
[EventDate "2014.06.19"]
[EventType "team-swiss"]
[EventRounds "7"]
[EventCountry "SVK"]
[SourceTitle "EXT 2015"]
[Source "ChessBase"]
[SourceDate "2014.11.20"]
[SourceVersion "1"]
[SourceVersionDate "2014.11.20"]
[SourceQuality "1"]
[WhiteTeam "Krakow Wisla (U18)"]
[BlackTeam "Opavsko (U18)"]
[WhiteTeamCountry "POL"]
[BlackTeamCountry "CZE"]

1. e4 c5 2. Nf3 g6 3. d4 cxd4 4. Nxd4 Nc6 5. Nc3 Bg7 6. Be3 Nf6 7. Qd2 0-0 8. 0-0-0 Ng4 9. Nxc6 bxc6 10. f3 Nxe3 11. Qxe3 Qa5 12. Bc4 Rb8 13. Bb3 d6 14. g4 Be6 15. Kd2 d5 16. exd5 cxd5 17. Qg5 h6 18. Qxe7 d4 19. Bxe6 dxc3+ 20. Kc1 fxe6 21. Qxe6+ Kh7 22. h4 Rxb2 23. Rd6 Rxa2 24. Qxg6+ Kh8 25. Kd1 Ra1+ 26. Ke2 Qe5+ 27. Kf2 Rxh1 28. Re6 Qh2+ 29. Ke3 Qd2+ 0-1

[Event "Ostrava Konik op"]
[Site "Ostrava"]
[Date "2014.04.30"]
[Round "5"]
[White "Gemsa, Pavel"]
[Black "Hotarek, Jaroslav"]
[Result "1-0"]
[WhiteElo "1626"]
[BlackElo "1668"]
[PlyCount "39"]
[EventDate "2014.04.26"]
[EventType "swiss"]
[EventRounds "9"]
[EventCountry "CZE"]
[SourceTitle "CBM 160 Extra"]
[Source "ChessBase"]
[SourceDate "2014.07.01"]
[SourceVersion "1"]
[SourceVersionDate "2014.07.01"]
[SourceQuality "1"]

1. e4 c5 2. Nf3 d6 3. d4 cxd4 4. Nxd4 Nc6 5. Be3 Nf6 6. Nc3 a6 7. Be2 g6 8. Qd2 Bg7 9. 0-0-0 0-0 10. h4 Nxd4 11. Bxd4 Bd7 12. h5 Qa5 13. hxg6 fxg6 14. Bc4+ e6 15. Bxf6 Rxf6 16. Qxd6 Bc8 17. e5 Bf8 18. Qd8 Qxe5 19. Rde1 Qd6 20. Qxf6 1-0

[Event "CZE-ch U14"]
[Site "Kouty nad Desnou"]
[Date "2013.03.12"]
[Round "5"]
[White "Bares, Jachym"]
[Black "Gemsa, Pavel"]
[Result "1/2-1/2"]
[WhiteElo "1685"]
[BlackElo "1598"]
[PlyCount "40"]
[EventDate "2013.03.09"]
[EventType "swiss"]
[EventRounds "9"]
[EventCountry "CZE"]
[SourceTitle "EXT 2015"]
[Source "ChessBase"]
[SourceDate "2014.11.20"]
[SourceVersion "1"]
[SourceVersionDate "2014.11.20"]
[SourceQuality "1"]

1. e4 c5 2. Nf3 g6 3. d4 cxd4 4. Nxd4 Nc6 5. Be3 Bg7 6. Nc3 Nf6 7. Be2 d5 8. exd5 Nxd5 9. Nxd5 Qxd5 10. Bf3 Qa5+ 11. c3 Nxd4 12. Bxd4 e5 13. Be3 0-0 14. 0-0 Rd8 15. Qc2 Bf5 16. Qb3 e4 17. Be2 Be6 18. Bc4 Bxc4 19. Qxc4 Qd5 20. Qxd5 Rxd5 1/2-1/2

[Event "Morava-ch U14"]
[Site "Kouty nad Desnou"]
[Date "2012.10.26"]
[Round "6"]
[White "Gemsa, Pavel"]
[Black "Stuchly, Ondrej"]
[Result "1/2-1/2"]
[WhiteElo "1598"]
[BlackElo "1692"]
[PlyCount "59"]
[EventDate "2012.10.24"]
[EventType "swiss"]
[EventRounds "9"]
[EventCountry "CZE"]
[SourceTitle "EXT 2015"]
[Source "ChessBase"]
[SourceDate "2014.11.20"]
[SourceVersion "1"]
[SourceVersionDate "2014.11.20"]
[SourceQuality "1"]

1. e4 e5 2. Nf3 Nc6 3. Bc4 Nf6 4. d3 Bc5 5. 0-0 d6 6. c3 0-0 7. Bg5 Be6 8. Nbd2 a6 9. b4 Ba7 10. Qb3 Re8 11. h3 h6 12. Bh4 b5 13. Bd5 Bxd5 14. exd5 Nb8 15. Ne4 Nbd7 16. Nh2 g5 17. Bg3 Nh5 18. Ng4 Kg7 19. Ne3 Kg6 20. Bh2 f5 21. g4 fxe4 22. gxh5+ Kh7 23. dxe4 Nf6 24. Qd1 Rg8 25. Qf3 Qe7 26. Ng4 Nxg4 27. hxg4 Raf8 28. Qe2 Qd7 29. Kg2 Rf6 30. f3 1/2-1/2

[Event "Morava-ch U14"]
[Site "Kouty nad Desnou"]
[Date "2012.10.25"]
[Round "3"]
[White "Gemsa, Pavel"]
[Black "Danek, Daniel"]
[Result "1/2-1/2"]
[WhiteElo "1598"]
[BlackElo "1802"]
[PlyCount "78"]
[EventDate "2012.10.24"]
[EventType "swiss"]
[EventRounds "9"]
[EventCountry "CZE"]
[SourceTitle "EXT 2015"]
[Source "ChessBase"]
[SourceDate "2014.11.20"]
[SourceVersion "1"]
[SourceVersionDate "2014.11.20"]
[SourceQuality "1"]

1. e4 c6 2. d4 d5 3. e5 Bf5 4. Bd3 Bxd3 5. Qxd3 e6 6. Ne2 Nd7 7. 0-0 c5 8. c3 Ne7 9. Bg5 Qb6 10. Bxe7 Bxe7 11. b3 0-0 12. Nd2 Rac8 13. Rac1 Rc6 14. f4 Rfc8 15. Nf3 Qa5 16. Qd2 c4 17. b4 Qa4 18. Qc2 Ra6 19. Qxa4 Rxa4 20. Rc2 b5 21. Nd2 a5 22. bxa5 Rxa5 23. Rb1 Rca8 24. Rbb2 Ba3 25. Rb1 Nf8 26. f5 Be7 27. Nf3 Nd7 28. Rbb2 Nf8 29. Nf4 Rb8 30. g4 Ra4 31. g5 b4 32. f6 gxf6 33. gxf6 Bd8 34. Rg2+ Ng6 35. h4 b3 36. Kh2 Rxa2 37. Nxg6 hxg6 38. Rxa2 bxa2 39. Rxa2 Rb7 1/2-1/2

[Event "Kouty nad Desnou op-B"]
[Site "Kouty nad Desnou"]
[Date "2012.03.14"]
[Round "6"]
[White "Hejduk, Miroslav"]
[Black "Gemsa, Pavel"]
[Result "1-0"]
[WhiteElo "1659"]
[BlackElo "1531"]
[PlyCount "91"]
[EventDate "2012.03.10"]
[EventType "swiss"]
[EventRounds "9"]
[EventCountry "CZE"]
[SourceTitle "EXT 2013"]
[Source "ChessBase"]
[SourceDate "2012.11.22"]
[SourceVersion "1"]
[SourceVersionDate "2012.11.22"]
[SourceQuality "1"]

1. d4 d5 2. Nf3 Nc6 3. e3 Nf6 4. c4 e6 5. a3 a5 6. Nc3 Be7 7. Qc2 0-0 8. Bd3 dxc4 9. Bxc4 Nd5 10. 0-0 f5 11. Qb3 a4 12. Qa2 Na5 13. Bxd5 exd5 14. Nxa4 b6 15. b3 b5 16. Nc5 Bxc5 17. dxc5 Nc6 18. Qd2 Na5 19. Bb2 Qe7 20. Qc3 Nc6 21. b4 Be6 22. Nd4 Nxd4 23. Qxd4 c6 24. Qe5 Rfd8 25. Rfd1 Ra7 26. f4 h6 27. Rf1 Kh7 28. Rf3 Bc8 29. Qxe7 Rxe7 30. a4 Ba6 31. a5 Re4 32. Bd4 Rde8 33. Rg3 g6 34. Rf3 h5 35. h3 Rg8 36. Raf1 Rf8 37. g3 Rf7 38. R3f2 Rf8 39. Rg2 Kh6 40. g4 h4 41. gxf5 Rxf5 42. Rg4 Kh5 43. Rf2 Re6 44. Rfg2 Rf7 45. Rg5+ Kh6 46. R2g4 1-0

[Event "Kouty nad Desnou op-B"]
[Site "Kouty nad Desnou"]
[Date "2012.03.11"]
[Round "2"]
[White "Gemsa, Pavel"]
[Black "Liska, Jiri2222"]
[Result "1/2-1/2"]
[WhiteElo "1531"]
[BlackElo "1689"]
[PlyCount "121"]
[EventDate "2012.03.10"]
[EventType "swiss"]
[EventRounds "9"]
[EventCountry "CZE"]
[SourceTitle "EXT 2013"]
[Source "ChessBase"]
[SourceDate "2012.11.22"]
[SourceVersion "1"]
[SourceVersionDate "2012.11.22"]
[SourceQuality "1"]

1. e4 d5 2. exd5 Qxd5 3. Nc3 Qa5 4. d3 c6 5. Bd2 Qc7 6. Nf3 Nf6 7. g3 Bg4 8. Bg2 e6 9. h3 Bh5 10. g4 Bg6 11. Qe2 Nbd7 12. 0-0-0 h6 13. Nh4 Bh7 14. f4 Be7 15. Rde1 Nd5 16. Nxd5 cxd5 17. Nf5 Bxf5 18. gxf5 Nc5 19. fxe6 fxe6 20. Qh5+ Kd7 21. Qg6 Qb6 22. f5 Qc6 23. fxe6+ Nxe6 24. Qf5 Raf8 25. Qxd5+ Qxd5 26. Bxd5 Nd8 27. Ref1 Bf6 28. Bb4 Be7 29. Bc3 Bf6 30. Bb4 Be7 31. Bc3 Bf6 32. Bxf6 Rxf6 33. Rxf6 gxf6 34. Rg1 Kd6 35. Be4 b6 36. Rg6 Ke5 37. Rg7 Ne6 38. Rxa7 Ng5 39. Re7+ Kf4 40. h4 Nxe4 41. Rxe4+ Kg3 42. Re6 f5 43. Rxb6 f4 44. Kd2 Kxh4 45. Ke2 Kg4 46. Kf2 h5 47. Rg6+ Kf5 48. Rg2 h4 49. Rh2 Kg4 50. d4 h3 51. c4 Ra8 52. a3 Rb8 53. Kg1 Kg3 54. Re2 Rb3 55. Re8 Rxb2 56. Rg8+ Kf3 57. d5 Rc2 58. d6 h2+ 59. Kh1 Rxc4 60. Kxh2 Rd4 61. Rg6 1/2-1/2